| 000 | 00523nmm a2200157Ia 4500 | ||
|---|---|---|---|
| 008 | 251105s9999||||xx |||||||||||||||||und|| | ||
| 041 | _aspa | ||
| 100 | _aSantamaría, Alberto | ||
| 245 | 0 |
_aUn lugar sin límites : _b Música, nihilismo y políticas del desastre en tiempos del amanecer neoliberal |
|
| 264 |
_a[Madrid, España] : _bAkal, _c2022 |
||
| 300 | _a296 páginas | ||
| 490 | _aPensamiento crítico | ||
| 650 | _aPhilosophy, Ethics | ||
| 856 | _uhttps://public.digitaliapublishing.com/a/113676 | ||
| 942 | _cCF | ||
| 999 |
_c100426 _d100426 |
||